000 00362nam a22001337a 4500
008 230626b xxu||||| |||| 00| 0 eng d
082 _a332.9
_bJDS
100 _cTaylor & Francis
245 _aThe Journal of Development Studies
_bVolume 40
_cNumber 6
260 _aEngland
_bFrank CASS & Co.
_c2004
300 _a182p
440 _n6
_v40
_x0022038
942 _2ddc
_cBK
999 _c2669
_d2669